Statystyki dla QUIZ WPISZ COŚ O JETPUNK

Kliknij tutaj aby rozwiązać quiz!

Ogólne statystyki

  • Ten quiz został rozwiązany 10 razy
  • Średni wynik to 3 z 5

Statystyki odpowiedzi

COŚJETPUNK% Poprawnych
#JETPUNK
86%
#QUIZY
71%
#Z
71%
#NAJLEPSZE
57%
#POCHODZĄ
57%

Rozkład punktacji

Percentyl według liczby udzielonych odpowiedzi

Procent ludzi z każdym wynikiem

Twoja historia wyników

Nie rozwiązałeś tego quizu